[Event "19th Reykjavik op"]
[Site "Reykjavik ISL"]
[Date "2000.04.09"]
[Round "5.36"]
[White "Johannesson, Ingvar Thor"]
[Black "Hannesson, Olafur Isberg"]
[Result "0-1"]
[WhiteElo "2194"]
[BlackElo "2161"]
[EventDate "2000.04.05"]
[PlyCount "70"]

1.c4 Nf6 2.Nc3 e6 3.Nf3 c5 4.d4 b6 5.d5 exd5 6.cxd5 d6 7.e4 Be7 8.h3 O-O 
9.Bf4 Ba6 10.Bxa6 Nxa6 11.O-O Nc7 12.a4 Nd7 13.g4 Re8 14.Re1 Nf8 15.Qd3 
Ng6 16.Bh2 Bf6 17.Rad1 Bxc3 18.Qxc3 f6 19.Nd2 b5 20.b4 cxb4 21.Qxb4 Ne5 
22.Bxe5 fxe5 23.axb5 Rb8 24.Qa4 Nxb5 25.Rc1 Nd4 26.Kg2 Qf6 27.Qa3 Rf8 28.
Qe3 a5 29.Rf1 a4 30.Nc4 Rb3 31.Rc3 Nc2 32.Qd3 Ne1+ 33.Rxe1 Qxf2+ 34.Kh1 
Qxe1+ 35.Kh2 Rf2+ 0-1

[Event "19th Reykjavik op"]
[Site "Reykjavik ISL"]
[Date "2000.04.09"]
[Round "5.37"]
[White "Kjartansson, Olafur"]
[Black "Valgardsson, Gudjon Heidar"]
[Result "0-1"]
[WhiteElo "2091"]
[BlackElo "2114"]
[EventDate "2000.04.05"]
[PlyCount "40"]

1.d4 Nf6 2.c4 g6 3.Nc3 Bg7 4.e4 d6 5.f4 O-O 6.Nf3 c5 7.d5 e6 8.Be2 exd5 9.
cxd5 b5 10.e5 dxe5 11.fxe5 Ng4 12.Bg5 Qb6 13.Qd2 Nxe5 14.Nxe5 Bxe5 15.Nxb5
Re8 16.O-O c4+ 17.Kh1 Qxb5 18.Rab1 Bf5 19.Rbc1 Qxb2 20.Qxb2 Bxb2 0-1

[Event "19th Reykjavik op"]
[Site "Reykjavik ISL"]
[Date "2000.04.10"]
[Round "6.10"]
[White "Agrest, Evgenij"]
[Black "Sarbok, Torsten"]
[Result "1/2-1/2"]
[WhiteElo "2603"]
[BlackElo "2285"]
[EventDate "2000.04.05"]
[PlyCount "58"]

1.Nf3 Nf6 2.c4 c6 3.Nc3 d5 4.e3 e6 5.b3 Nbd7 6.Bb2 Bd6 7.Be2 O-O 8.d4 b6 
9.Bd3 Bb7 10.O-O a6 11.Qc2 h6 12.Rfd1 Qe7 13.Rac1 Rfd8 14.h3 Rac8 15.Qe2 
dxc4 16.bxc4 c5 17.d5 exd5 18.Nxd5 Nxd5 19.cxd5 b5 20.Bb1 Ne5 21.Ba1 Re8 
22.Qb2 f5 23.Qe2 Kh7 24.Nd2 g6 25.Nb3 Nd7 26.Re1 Nf6 27.Red1 Ne4 28.Re1 
Nf6 29.Red1 Ne4 1/2-1/2

[Event "19th Reykjavik op"]
[Site "Reykjavik ISL"]
[Date "2000.04.10"]
[Round "6.11"]
[White "Lampen, Timo"]
[Black "Oral, Tomas"]
[Result "0-1"]
[WhiteElo "2307"]
[BlackElo "2545"]
[EventDate "2000.04.05"]
[PlyCount "102"]

1.e4 c5 2.c3 d5 3.exd5 Qxd5 4.d4 Nc6 5.Nf3 Bg4 6.Be2 Nf6 7.h3 Bh5 8.c4 Qd6
9.d5 Bxf3 10.Bxf3 Nd4 11.O-O g6 12.Nc3 a6 13.g3 Nxf3+ 14.Qxf3 Bg7 15.Bf4 
Qd7 16.Rfe1 O-O 17.Kg2 b5 18.b3 Ne8 19.Rad1 Nd6 20.Ne4 bxc4 21.Nxc5 Qb5 
22.Ne4 Nf5 23.d6 exd6 24.Nxd6 Nxd6 25.Bxd6 Rfe8 26.bxc4 Qxc4 27.a3 Rac8 
28.Bf4 h5 29.Rxe8+ Rxe8 30.Qd5 Qa4 31.Rd3 h4 32.Rf3 hxg3 33.Bxg3 Re6 34.
Qd8+ Qe8 35.Qd5 Qc6 36.Qd8+ Bf8 37.Qc7 Qxc7 38.Bxc7 Re4 39.Bf4 Ra4 40.Bc1 
Rc4 41.Bb2 f5 42.Rb3 Bc5 43.Rb8+ Kf7 44.Rc8 Ke6 45.Rc6+ Kd5 46.Rxa6 Rc2 
47.Bg7 Rxf2+ 48.Kg3 g5 49.Ra5 f4+ 50.Kg4 Rg2+ 51.Kf5 Kc4 0-1

[Event "19th Reykjavik op"]
[Site "Reykjavik ISL"]
[Date "2000.04.10"]
[Round "6.12"]
[White "Wiley, Tom"]
[Black "Olafsson, Helgi"]
[Result "1/2-1/2"]
[WhiteElo "2294"]
[BlackElo "2491"]
[EventDate "2000.04.05"]
[PlyCount "81"]

1.d4 Nf6 2.c4 e6 3.Nc3 Bb4 4.Qc2 c5 5.dxc5 O-O 6.Nf3 Na6 7.Bd2 Nxc5 8.a3 
Bxc3 9.Bxc3 Nce4 10.Bxf6 Nxf6 11.g3 b6 12.Bg2 Bb7 13.b3 Rc8 14.Qb2 Rc5 15.
O-O Bxf3 16.Bxf3 Qb8 17.e3 Rfc8 18.a4 Qd6 19.Rfd1 Qe7 20.Qa3 Kf8 21.Kg2 
Rf5 22.Qxe7+ Kxe7 23.Rd2 Rc7 24.Rad1 Rfc5 25.h4 h6 26.Kf1 a6 27.Rb2 b5 28.
cxb5 axb5 29.axb5 Rxb5 30.b4 d5 31.Be2 Rb6 32.Bd3 Ne8 33.Ke2 Nd6 34.Kd2 e5
35.Rc1 Rcb7 36.Rcb1 Ke6 37.Rb3 e4 38.Be2 Ke5 39.b5 Rc7 40.Rb4 Rc5 41.Rc1 
1/2-1/2

[Event "19th Reykjavik op"]
[Site "Reykjavik ISL"]
[Date "2000.04.10"]
[Round "6.13"]
[White "Jonasson, Benedikt"]
[Black "Arizmendi Martinez, Julen Luis"]
[Result "0-1"]
[WhiteElo "2285"]
[BlackElo "2445"]
[EventDate "2000.04.05"]
[PlyCount "88"]

1.e4 c5 2.Nf3 e6 3.d4 cxd4 4.Nxd4 Nf6 5.Nc3 Nc6 6.Be2 Bb4 7.O-O Bxc3 8.
bxc3 Nxe4 9.Bd3 d5 10.Nxc6 bxc6 11.Bxe4 dxe4 12.Qg4 O-O 13.Qxe4 Qd5 14.Qh4
Ba6 15.Re1 e5 16.Qg3 f6 17.Ba3 Rf7 18.Red1 Qe4 19.Rd2 Bc4 20.Bc5 Bd5 21.
Rad1 Qc4 22.Qe3 Qxa2 23.f4 Qc4 24.fxe5 fxe5 25.Bd6 Rf5 26.Re1 a5 27.h3 Re8
28.Rd4 Qa2 29.c4 Bf7 30.Re4 Qxc2 31.Bxe5 Bg6 32.Qd4 Rf7 33.R4e2 Qf5 34.Bf4
Rxe2 35.Rxe2 Rd7 36.Qe3 a4 37.Rf2 Qe4 38.Qb6 h6 39.Qa6 Rf7 40.Qc8+ Kh7 41.
Qb8 a3 42.Qe5 Rxf4 43.Qxf4 Qxf4 44.Rxf4 a2 0-1

[Event "19th Reykjavik op"]
[Site "Reykjavik ISL"]
[Date "2000.04.10"]
[Round "6.14"]
[White "Kristjansson, Stefan"]
[Black "Johannessen, Leif Erlend"]
[Result "1-0"]
[WhiteElo "2254"]
[BlackElo "2431"]
[EventDate "2000.04.05"]
[PlyCount "77"]

1.e4 e6 2.d4 d5 3.Nc3 Bb4 4.e5 c5 5.a3 Bxc3+ 6.bxc3 Qc7 7.Nf3 b6 8.Bb5+ 
Bd7 9.Bd3 Ba4 10.O-O Ne7 11.Ng5 h6 12.Nh3 Nd7 13.f4 cxd4 14.cxd4 Nf5 15.
Bxf5 exf5 16.Qf3 Qc6 17.c3 b5 18.Bd2 Nb6 19.Qd3 g6 20.Rf3 O-O-O 21.Re1 Bb3
22.Nf2 Bc4 23.Qb1 Qe6 24.Nd1 a5 25.Ne3 Kc7 26.g4 fxg4 27.f5 gxf5 28.Rxf5 
Qg6 29.Nxc4 Nxc4 30.Bf4 Nxa3 31.Qd3 Kb7 32.Ra1 Nc4 33.Rxa5 Nxa5 34.Qxb5+ 
Kc8 35.Rf6 Qe4 36.Qc5+ Kb8 37.e6+ Qxf4 38.Rxf4 Nb7 39.Qb5 1-0

[Event "19th Reykjavik op"]
[Site "Reykjavik ISL"]
[Date "2000.04.10"]
[Round "6.15"]
[White "Thorhallsson, Throestur"]
[Black "Naes, Flovin Thor"]
[Result "1-0"]
[WhiteElo "2489"]
[BlackElo "2257"]
[EventDate "2000.04.05"]
[PlyCount "65"]

1.e4 e5 2.Nf3 Nc6 3.d4 exd4 4.Nxd4 Nf6 5.Nxc6 bxc6 6.e5 Qe7 7.Qe2 Nd5 8.c4
Ba6 9.b3 O-O-O 10.g3 f6 11.Bb2 fxe5 12.Bg2 e4 13.O-O e3 14.Nc3 Re8 15.Nxd5
cxd5 16.Bxd5 Qc5 17.Qh5 exf2+ 18.Rxf2 g6 19.Qf3 Bh6 20.Bxh8 Rf8 21.Re1 c6 
22.Bf7 Rxh8 23.Kg2 Bb7 24.Rfe2 Kc7 25.Qf6 Rf8 26.Re8 Kb6 27.Rxf8 Bxf8 28.
Qf2 Qxf2+ 29.Kxf2 Ka5 30.Re8 Bc5+ 31.Ke2 d5 32.cxd5 cxd5 33.Bxd5 1-0

[Event "19th Reykjavik op"]
[Site "Reykjavik ISL"]
[Date "2000.04.10"]
[Round "6.16"]
[White "Jonkman, Harmen"]
[Black "Halldorsson, Bragi"]
[Result "1-0"]
[WhiteElo "2446"]
[BlackElo "2242"]
[EventDate "2000.04.05"]
[PlyCount "99"]

1.e4 c6 2.d4 d5 3.Nd2 dxe4 4.Nxe4 Bf5 5.Ng3 Bg6 6.h4 h6 7.Nf3 Nd7 8.h5 Bh7
9.Bd3 Bxd3 10.Qxd3 Ngf6 11.Bf4 e6 12.O-O-O Be7 13.Ne5 a5 14.c4 a4 15.Ne4 
a3 16.b3 O-O 17.g4 Nxe4 18.Qxe4 f5 19.gxf5 exf5 20.Qe3 Rf6 21.Rhg1 Kh7 22.
Nxd7 Qxd7 23.Be5 Rf7 24.Rg6 Bf8 25.Qg3 f4 26.Rxh6+ Kg8 27.Qg6 Qf5 28.Rg1 
Re8 29.Rg5 Re6 30.Qxf5 Rxf5 31.Rxf5 Rxh6 32.Bxf4 Re6 33.Be5 g6 34.d5 cxd5 
35.cxd5 Rb6 36.hxg6 Rxg6 37.Kc2 b5 38.Rf3 Rh6 39.Rd3 Rh5 40.f4 Bb4 41.d6 
Rh2+ 42.Kd1 Rh1+ 43.Ke2 Rh2+ 44.Kd1 Rh1+ 45.Kc2 Rh2+ 46.Kd1 Rxa2 47.d7 Ba5
48.d8=Q+ Bxd8 49.Rxd8+ Kf7 50.Rd2 1-0

[Event "19th Reykjavik op"]
[Site "Reykjavik ISL"]
[Date "2000.04.10"]
[Round "6.17"]
[White "Sigfusson, Sigurdur"]
[Black "Bricard, Emmanuel"]
[Result "0-1"]
[WhiteElo "2215"]
[BlackElo "2461"]
[EventDate "2000.04.05"]
[PlyCount "68"]

1.d4 Nf6 2.e3 g6 3.Bd3 d6 4.f4 e5 5.fxe5 dxe5 6.c3 Bh6 7.Na3 O-O 8.Nc4 Nc6
9.Be2 e4 10.Qc2 Qd5 11.Bd2 Qg5 12.g3 b5 13.Na3 Rb8 14.b4 Be6 15.Kf2 Ne7 
16.Rf1 Ned5 17.Qc1 Rb6 18.Kg2 Ng4 19.Bxg4 Qxg4 20.Nxb5 Rxb5 21.c4 Nxe3+ 
22.Bxe3 Bxe3 23.Qxe3 Bxc4 24.Rf4 Qe6 25.a3 a5 26.Nh3 axb4 27.a4 Ra5 28.Rh4
Qf6 29.Rf4 Qe7 30.Rc1 Bd5 31.Rh4 c6 32.Nf4 Rxa4 33.Nxd5 cxd5 34.Qh6 f6 0-1

[Event "19th Reykjavik op"]
[Site "Reykjavik ISL"]
[Date "2000.04.10"]
[Round "6.19"]
[White "Salmensuu, Olli"]
[Black "Bjarnason, Oskar"]
[Result "1-0"]
[WhiteElo "2418"]
[BlackElo "2218"]
[EventDate "2000.04.05"]
[PlyCount "53"]

1.e4 d5 2.exd5 Qxd5 3.Nc3 Qa5 4.Nf3 Nf6 5.Be2 c6 6.O-O Bg4 7.h3 Bh5 8.b4 
Qc7 9.b5 e6 10.bxc6 Nxc6 11.Nb5 Qd7 12.a4 Be7 13.Bb2 O-O 14.d4 Rfd8 15.c3 
Nd5 16.Re1 Rac8 17.Bf1 a6 18.Na3 Na5 19.g4 Bg6 20.Ne5 Qe8 21.c4 Nb6 22.Bc3
Nc6 23.Nxg6 hxg6 24.Qb3 Na8 25.d5 Nb8 26.dxe6 f6 27.Qxb7 1-0

[Event "19th Reykjavik op"]
[Site "Reykjavik ISL"]
[Date "2000.04.10"]
[Round "6.21"]
[White "Hardarson, Robert"]
[Black "Kjartansson, Gudmundur"]
[Result "0-1"]
[WhiteElo "2356"]
[BlackElo "2248"]
[EventDate "2000.04.05"]
[PlyCount "56"]

1.e4 c6 2.d4 d5 3.Nd2 dxe4 4.Nxe4 Bf5 5.Ng3 Bg6 6.N1e2 Nf6 7.h4 h6 8.Nf4 
Bh7 9.Bc4 e5 10.Qe2 Nbd7 11.O-O Bd6 12.Bxf7+ Kxf7 13.Qc4+ Ke8 14.Re1 e4 
15.f3 Qa5 16.c3 Bxf4 17.Bxf4 Qd5 18.Qb4 c5 19.Qa4 cxd4 20.cxd4 b5 21.Qa6 
Kf7 22.fxe4 Nxe4 23.Rf1 Ndf6 24.Be5 Rhf8 25.Nxe4 Bxe4 26.Bxf6 gxf6 27.
Rxf6+ Kg7 28.Rd6 Qf5 0-1

[Event "19th Reykjavik op"]
[Site "Reykjavik ISL"]
[Date "2000.04.10"]
[Round "6.22"]
[White "Nyysti, Sampsa"]
[Black "Drei, Andrea"]
[Result "0-1"]
[WhiteElo "2224"]
[BlackElo "2351"]
[EventDate "2000.04.05"]
[PlyCount "50"]

1.e4 c5 2.Nf3 d6 3.c3 Nf6 4.Be2 Nc6 5.d4 e6 6.d5 exd5 7.exd5 Ne7 8.O-O 
Nexd5 9.Qb3 Be7 10.Bc4 Be6 11.Qxb7 O-O 12.Na3 Qd7 13.Qxd7 Bxd7 14.Re1 Rfe8
15.Bg5 h6 16.Bxd5 Nxd5 17.Bxe7 Rxe7 18.Red1 Bc6 19.Nc4 Rb8 20.Rd2 Nf4 21.
Nxd6 Re6 22.Nf5 Rbe8 23.Ne3 Nxg2 24.Nd5 Rg6 25.Kf1 Bb5+ 0-1

[Event "19th Reykjavik op"]
[Site "Reykjavik ISL"]
[Date "2000.04.10"]
[Round "6.23"]
[White "Thorfinnsson, Bragi"]
[Black "Fridjonsson, Julius"]
[Result "1-0"]
[WhiteElo "2260"]
[BlackElo "2191"]
[EventDate "2000.04.05"]
[PlyCount "79"]

1.Nf3 c5 2.e4 e6 3.d4 cxd4 4.Nxd4 Nf6 5.Bd3 Nc6 6.Nxc6 dxc6 7.O-O e5 8.b3 
Qd4 9.c3 Qb6 10.Nd2 Be7 11.Bb2 O-O 12.c4 Nd7 13.Qc2 f6 14.Kh1 Rd8 15.f4 
Nc5 16.Be2 exf4 17.e5 f5 18.Bc3 Ne6 19.Nf3 Nc5 20.b4 Ne4 21.c5 Qc7 22.Bc4+
Kh8 23.Bb2 a5 24.Rae1 axb4 25.Rxe4 fxe4 26.Qxe4 Bg4 27.Nd4 Bxc5 28.Bd3 g6 
29.Qxf4 Bxd4 30.Bxd4 Rxd4 31.Qxd4 Be6 32.Qxb4 c5 33.Qc3 Qa5 34.Qc1 Qxa2 
35.Qxc5 Qa3 36.Qd4 Kg7 37.Rb1 Ra7 38.Rf1 Qa4 39.Qd8 b5 40.Qf8# 1-0

[Event "19th Reykjavik op"]
[Site "Reykjavik ISL"]
[Date "2000.04.10"]
[Round "6.24"]
[White "Steindorsson, Sigurdur Pall"]
[Black "Westerinen, Heikki"]
[Result "1/2-1/2"]
[WhiteElo "2056"]
[BlackElo "2392"]
[EventDate "2000.04.05"]
[PlyCount "83"]

1.c4 e5 2.Nc3 Nc6 3.g3 g6 4.Bg2 Bg7 5.e3 Nf6 6.Nge2 O-O 7.O-O d6 8.d3 Be6 
9.Rb1 d5 10.d4 exd4 11.cxd5 dxc3 12.Nxc3 Bg4 13.f3 Bf5 14.e4 Ne7 15.exf5 
Nxf5 16.g4 Nd6 17.Qd3 Nd7 18.Bf4 Qf6 19.Bxd6 cxd6 20.f4 Qd4+ 21.Qxd4 Bxd4+
22.Kh1 Bxc3 23.bxc3 Nc5 24.f5 Rae8 25.fxg6 fxg6 26.Rbe1 Rxe1 27.Rxe1 Rf2 
28.h4 Kf7 29.g5 Rxa2 30.Rf1+ Kg7 31.Kh2 Ra4 32.Kg3 Rc4 33.Rf6 Rxc3+ 34.Kg4
a5 35.Rxd6 a4 36.Rd8 a3 37.d6 Rc4+ 38.Kg3 Rd4 39.Ra8 Rd3+ 40.Kf4 b5 41.
Ra7+ Kf8 42.Ke5 1/2-1/2

[Event "19th Reykjavik op"]
[Site "Reykjavik ISL"]
[Date "2000.04.10"]
[Round "6.25"]
[White "Gunnarsson, Jon Viktor"]
[Black "Einarsson, Einar Kristinn"]
[Result "1-0"]
[WhiteElo "2401"]
[BlackElo "2111"]
[EventDate "2000.04.05"]
[PlyCount "81"]

1.e4 Nf6 2.e5 Nd5 3.c4 Nb6 4.d4 d6 5.f4 dxe5 6.fxe5 Nc6 7.Be3 Bf5 8.Nc3 e6
9.Be2 Be7 10.Nf3 O-O 11.O-O f6 12.exf6 Bxf6 13.h3 h6 14.Qd2 Qe7 15.Rfd1 
Kh8 16.Kh1 Rad8 17.Rac1 Nxd4 18.Nxd4 Bxd4 19.Bxd4 c5 20.Qxh6+ Kg8 21.Bxg7 
Qxg7 22.Qxg7+ Kxg7 23.b3 Nd7 24.g4 Bg6 25.Kg2 Ne5 26.Rxd8 Rxd8 27.Rd1 Rf8 
28.Kg3 Rf7 29.h4 Nc6 30.h5 Bh7 31.g5 Bf5 32.h6+ Kh7 33.Bh5 Bg6 34.Bxg6+ 
Kxg6 35.Ne4 Nd4 36.Kg4 Nf5 37.Rd8 Ne3+ 38.Kh3 Rf3+ 39.Kh2 Ng4+ 40.Kg2 Rf5 
41.Rg8+ 1-0

[Event "19th Reykjavik op"]
[Site "Reykjavik ISL"]
[Date "2000.04.10"]
[Round "6.26"]
[White "Schnabel, Ralf"]
[Black "Schmied, Andreas"]
[Result "1-0"]
[WhiteElo "2233"]
[BlackElo "2158"]
[EventDate "2000.04.05"]
[PlyCount "97"]

1.e4 c6 2.d4 d5 3.Nd2 dxe4 4.Nxe4 Bf5 5.Ng3 Bg6 6.Nf3 Nd7 7.h4 h6 8.h5 Bh7
9.Bd3 Bxd3 10.Qxd3 e6 11.Bf4 Qa5+ 12.Bd2 Qc7 13.O-O-O O-O-O 14.Ne4 Be7 15.
g3 Ngf6 16.c4 Nxe4 17.Qxe4 Kb8 18.Bf4 Bd6 19.Bxd6 Qxd6 20.Ne5 Nxe5 21.Qxe5
Qxe5 22.dxe5 Kc7 23.Rh4 Rxd1+ 24.Kxd1 c5 25.Rg4 Rg8 26.Kd2 Kc6 27.Ke3 Kd7 
28.f4 Ke7 29.b3 Kf8 30.Ke4 g6 31.hxg6 fxg6 32.Rh4 Kg7 33.Rh2 Rd8 34.g4 Rd1
35.Re2 Kf7 36.Rh2 Kg7 37.Re2 Kf7 38.Rf2 Rd4+ 39.Ke3 Rd7 40.Rh2 Kg7 41.f5 
gxf5 42.gxf5 exf5 43.Kf4 Rd1 44.Kxf5 Kf7 45.Rxh6 Rf1+ 46.Ke4 Ra1 47.Kd5 
Rxa2 48.Rh7+ Ke8 49.Rxb7 1-0

[Event "19th Reykjavik op"]
[Site "Reykjavik ISL"]
[Date "2000.04.10"]
[Round "6.27"]
[White "Kleinert, Juergen"]
[Black "Arngrimsson, Dagur"]
[Result "1/2-1/2"]
[WhiteElo "2188"]
[BlackElo "2081"]
[EventDate "2000.04.05"]
[PlyCount "124"]

1.e4 c5 2.c3 d5 3.exd5 Qxd5 4.d4 Nc6 5.Nf3 Bg4 6.Be2 e6 7.c4 Qd7 8.d5 Bxf3
9.Bxf3 Nd4 10.O-O Nxf3+ 11.Qxf3 exd5 12.Re1+ Be7 13.cxd5 O-O-O 14.Nc3 Nf6 
15.Be3 Qg4 16.Bf4 Qxf3 17.gxf3 Bd6 18.Bxd6 Rxd6 19.Re7 Nxd5 20.Nxd5 Rxd5 
21.Rxf7 Rd7 22.Rf5 b6 23.Re1 Rhd8 24.Re2 Rd2 25.Rfe5 Rxe2 26.Rxe2 Kc7 27.
Kg2 Rd7 28.f4 Kc6 29.Kf3 Rf7 30.h4 Kd5 31.Re4 b5 32.Ke3 a5 33.Re5+ Kd6 34.
Ke4 Rb7 35.f5 a4 36.Re6+ Kd7 37.Kd5 c4 38.Rd6+ Ke7 39.Re6+ Kf7 40.Kc6 Rb8 
41.Kc5 Kf8 42.Kb4 Rd8 43.Kxb5 Rd2 44.Kxc4 Rxb2 45.a3 Rxf2 46.Re4 Rxf5 47.
Kb4 g5 48.hxg5 Rxg5 49.Kxa4 h5 50.Kb3 Rg3+ 51.Kb2 Rg4 52.Re5 h4 53.Rh5 Kg7
54.Kb3 Rg3+ 55.Kb4 h3 56.a4 Kf6 57.a5 Rg4+ 58.Kb3 Rg3+ 59.Kb4 Rg4+ 60.Kb3 
Rg5 61.Rh6+ Kg7 62.Rxh3 Rxa5 1/2-1/2

[Event "19th Reykjavik op"]
[Site "Reykjavik ISL"]
[Date "2000.04.10"]
[Round "6.28"]
[White "Thorfinnsson, Bjoern"]
[Black "Soupizon, Remi"]
[Result "1-0"]
[WhiteElo "2195"]
[BlackElo "2066"]
[EventDate "2000.04.05"]
[PlyCount "55"]

1.d4 d5 2.Nf3 c6 3.Bg5 h6 4.Bh4 Qb6 5.b3 e6 6.e3 Ne7 7.Bd3 Nf5 8.Bg3 Nxg3 
9.hxg3 Nd7 10.c4 e5 11.cxd5 Bb4+ 12.Kf1 cxd5 13.dxe5 O-O 14.a3 Be7 15.Nc3 
Qe6 16.Nxd5 Nxe5 17.Nf4 Qd6 18.Nxe5 Qxe5 19.Rh5 Qb2 20.Nd5 Bd6 21.Rb1 Qxa3
22.Qf3 f5 23.g4 fxg4 24.Qe4 Qa2 25.Qh7+ Kf7 26.Qg6+ Kg8 27.Ne7+ Bxe7 28.
Bc4+ 1-0

[Event "19th Reykjavik op"]
[Site "Reykjavik ISL"]
[Date "2000.04.10"]
[Round "6.30"]
[White "Hannesson, Olafur Isberg"]
[Black "Thorsteinsson, Erlingur"]
[Result "1/2-1/2"]
[WhiteElo "2161"]
[BlackElo "2160"]
[EventDate "2000.04.05"]
[PlyCount "28"]

1.e4 e5 2.Nf3 Nc6 3.Bc4 Be7 4.O-O Nf6 5.d3 O-O 6.Nc3 d6 7.h3 a6 8.Be3 Na5 
9.Bb3 Nxb3 10.axb3 c5 11.Nd2 d5 12.exd5 Nxd5 13.Nxd5 Qxd5 14.Nc4 Rb8 
1/2-1/2

[Event "19th Reykjavik op"]
[Site "Reykjavik ISL"]
[Date "2000.04.10"]
[Round "6.31"]
[White "De Blecourt, Sandra"]
[Black "Bjornsson, Sigurbjorn"]
[Result "0-1"]
[WhiteElo "2027"]
[BlackElo "2282"]
[EventDate "2000.04.05"]
[PlyCount "81"]

1.d4 Nf6 2.c4 g6 3.Nc3 Bg7 4.e4 d6 5.Bd3 O-O 6.Nge2 e5 7.d5 Nh5 8.O-O f5 
9.exf5 gxf5 10.f4 Nd7 11.Rb1 exf4 12.Nxf4 Nxf4 13.Bxf4 Ne5 14.Ne2 Qf6 15.
b4 Bd7 16.Rc1 Rae8 17.c5 Re7 18.Qd2 Nxd3 19.Qxd3 Rfe8 20.Ng3 Qd4+ 21.Qxd4 
Bxd4+ 22.Kh1 Be5 23.Bxe5 Rxe5 24.Nh5 Kf7 25.cxd6 cxd6 26.Rc7 R8e7 27.Rxb7 
a6 28.Nf4 Re1 29.Rg1 R1e4 30.g3 Rd4 31.a3 Rd2 32.Rb6 Ba4 33.Rxd6 Rc7 34.
Rxa6 Bc2 35.Rh6 Be4+ 36.Ng2 Rcc2 37.Rxh7+ Kg6 38.Re7 Rxg2 39.Re6+ Kf7 40.
Rd1 Rgd2+ 41.Rxe4 0-1

[Event "19th Reykjavik op"]
[Site "Reykjavik ISL"]
[Date "2000.04.10"]
[Round "6.32"]
[White "Palsson, Halldor"]
[Black "Valgardsson, Gudjon Heidar"]
[Result "1/2-1/2"]
[WhiteElo "2182"]
[BlackElo "2114"]
[EventDate "2000.04.05"]
[PlyCount "94"]

1.d4 Nf6 2.g3 d5 3.Bg2 Bf5 4.Nd2 e6 5.Ngf3 h6 6.c4 c6 7.O-O Bd6 8.b3 O-O 
9.Bb2 Nbd7 10.Ne5 Bxe5 11.dxe5 Ng4 12.e4 dxe4 13.Nxe4 Ngxe5 14.Nd6 Qc7 15.
Nxf5 exf5 16.Qh5 f4 17.Rad1 fxg3 18.hxg3 Rfe8 19.f4 Nf6 20.Qh4 Neg4 21.Rd2
Rad8 22.Bxf6 Nxf6 23.Rdf2 Qb6 24.Kh2 Re1 25.g4 Rdd1 26.g5 Ne4 27.Rxe1 Qxf2
28.Qxf2 Nxf2 29.Re8+ Kh7 30.gxh6 Kxh6 31.Re7 Rd2 32.Kg3 Rxa2 33.Rxf7 b6 
34.Bxc6 Nd3 35.Ba4 Nc5 36.Rxa7 Nxb3 37.Ra8 Nc5 38.Bc6 Rxa8 39.Bxa8 Na4 40.
Kf3 Nb2 41.Bd5 Kg6 42.Ke4 Kf6 43.Bg8 Na4 44.Bh7 Kf7 45.Kd5 g6 46.Kc6 Kg7 
47.Bxg6 Kxg6 1/2-1/2

[Event "19th Reykjavik op"]
[Site "Reykjavik ISL"]
[Date "2000.04.10"]
[Round "6.33"]
[White "Halldorsson, Halldor"]
[Black "Edvardsson, Kristjan"]
[Result "0-1"]
[WhiteElo "2109"]
[BlackElo "2170"]
[EventDate "2000.04.05"]
[PlyCount "82"]

1.e4 e5 2.Nf3 Nc6 3.Bb5 a6 4.Ba4 Nf6 5.O-O b5 6.Bb3 Bb7 7.d4 exd4 8.e5 Ne4
9.Re1 Nc5 10.Bd5 Ne6 11.Nbd2 Bc5 12.Nb3 Bb6 13.Re4 Rb8 14.Bxe6 dxe6 15.Rg4
Qd5 16.Bf4 Ne7 17.Rxg7 Ng6 18.Bh6 c5 19.h4 Bc7 20.h5 Nxe5 21.Rg5 f6 22.Rg7
Nf7 23.Qe2 Bd6 24.Re1 Bc8 25.Bc1 Qxh5 26.Qe4 Kf8 27.Qg4 Qxg4 28.Rxg4 e5 
29.Rh4 Bf5 30.Re2 Rc8 31.c3 Kg7 32.g4 Be6 33.g5 f5 34.Rh5 Rhe8 35.Nh4 Nh8 
36.g6 hxg6 37.Bh6+ Kf7 38.Rg5 Bxb3 39.axb3 Be7 40.Nxf5 gxf5 41.Rxf5+ Bf6 
0-1

[Event "19th Reykjavik op"]
[Site "Reykjavik ISL"]
[Date "2000.04.10"]
[Round "6.34"]
[White "Marks, H."]
[Black "Bergsson, Stefan"]
[Result "1-0"]
[WhiteElo "2085"]
[BlackElo "2021"]
[EventDate "2000.04.05"]
[PlyCount "53"]

1.d4 Nf6 2.c4 e6 3.g3 d5 4.Bg2 c5 5.cxd5 exd5 6.Nf3 Nc6 7.O-O b6 8.Nc3 Bb7
9.Bg5 Be7 10.dxc5 d4 11.Nxd4 Nxd4 12.Bxb7 Rb8 13.Qa4+ Kf8 14.c6 Ne6 15.
Rad1 Qe8 16.Qxa7 Bc5 17.Bxf6 b5 18.Qa6 gxf6 19.Qxb5 Kg7 20.e3 h5 21.h4 f5 
22.c7 Nxc7 23.Qxc5 Rxb7 24.Qxf5 Ne6 25.Rd6 Rxb2 26.Ne4 Rxa2 27.Qe5+ 1-0

[Event "19th Reykjavik op"]
[Site "Reykjavik ISL"]
[Date "2000.04.10"]
[Round "6.35"]
[White "Jackson, Adrian"]
[Black "Schmitz, Manuela"]
[Result "1-0"]
[WhiteElo "2207"]
[BlackElo "2134"]
[EventDate "2000.04.05"]
[PlyCount "55"]

1.d4 d5 2.Bg5 Nd7 3.e3 Ngf6 4.Nf3 e6 5.Bd3 c5 6.c3 Be7 7.O-O O-O 8.Nbd2 h6
9.Bh4 b6 10.Ne5 Nxe5 11.dxe5 Nd7 12.Bxe7 Qxe7 13.f4 Bb7 14.Qh5 Rad8 15.Nf3
c4 16.Bc2 Nc5 17.g4 Ne4 18.Bxe4 dxe4 19.Nd4 f6 20.exf6 Rxf6 21.g5 hxg5 22.
fxg5 Rxf1+ 23.Rxf1 Rd5 24.h4 Bc8 25.Qg4 Rd8 26.Nc6 Qc5 27.Nxd8 Qxe3+ 28.
Kh1 1-0

[Event "19th Reykjavik op"]
[Site "Reykjavik ISL"]
[Date "2000.04.10"]
[Round "6.36"]
[White "Ragnarsson, Johann"]
[Black "Schmitz, Andreas"]
[Result "1/2-1/2"]
[WhiteElo "2129"]
[BlackElo "2159"]
[EventDate "2000.04.05"]
[PlyCount "29"]

1.d4 d5 2.c4 dxc4 3.Nc3 e5 4.e3 exd4 5.exd4 Nf6 6.Bxc4 Be7 7.Nf3 O-O 8.O-O
h6 9.Ne5 Nbd7 10.Ng6 Nb6 11.Bb3 Re8 12.Ne5 Rf8 13.Ng6 Re8 14.Ne5 Rf8 15.
Ng6 1/2-1/2

[Event "19th Reykjavik op"]
[Site "Reykjavik ISL"]
[Date "2000.04.10"]
[Round "6.38"]
[White "Kjartansson, Olafur"]
[Black "Schubert, Hans Joachim"]
[Result "1/2-1/2"]
[WhiteElo "2091"]
[BlackElo "2005"]
[EventDate "2000.04.05"]
[PlyCount "40"]

1.e4 e5 2.Nf3 Nc6 3.Bc4 Be7 4.O-O Nf6 5.Re1 O-O 6.c3 d6 7.d3 a6 8.Bg5 Na5 
9.Bb3 Nxb3 10.axb3 h6 11.Bh4 Nh5 12.Bxe7 Qxe7 13.d4 Nf4 14.Na3 Bg4 15.Nc2 
Qf6 16.Ne3 Bh5 17.Nf5 Kh7 18.Re3 Rad8 19.Ng3 Bg4 20.h3 Bc8 1/2-1/2

[Event "19th Reykjavik op"]
[Site "Reykjavik ISL"]
[Date "2000.04.11"]
[Round "7.2"]
[White "Stefansson, Hannes Hlifar"]
[Black "Sokolov, Ivan"]
[Result "1-0"]
[WhiteElo "2566"]
[BlackElo "2637"]
[EventDate "2000.04.05"]
[PlyCount "49"]

1.e4 e5 2.Nf3 Nf6 3.Nxe5 d6 4.Nf3 Nxe4 5.c4 Nc6 6.Nc3 Nxc3 7.dxc3 Be7 8.
Bd3 Bg4 9.Be4 O-O 10.Qc2 h6 11.Be3 Be6 12.b3 Bf6 13.O-O-O a5 14.a4 Ne7 15.
h4 Qc8 16.Bg5 Bg4 17.Bxf6 gxf6 18.Rde1 Re8 19.Nd4 c6 20.Qd2 Kg7 21.Bc2 Qd7
22.Qd3 Ng6 23.h5 Nf8 24.Qg3 Kh8 25.Qf4 1-0

[Event "19th Reykjavik op"]
[Site "Reykjavik ISL"]
[Date "2000.04.11"]
[Round "7.8"]
[White "Sarbok, Torsten"]
[Black "Markowski, Tomasz"]
[Result "1/2-1/2"]
[WhiteElo "2285"]
[BlackElo "2531"]
[EventDate "2000.04.05"]
[PlyCount "107"]

1.e4 e5 2.Nf3 Nc6 3.Bb5 Nf6 4.O-O Nxe4 5.d4 Nd6 6.Bxc6 dxc6 7.dxe5 Nf5 8.
Qxd8+ Kxd8 9.Rd1+ Ke8 10.Nc3 Ne7 11.Ne4 Ng6 12.Re1 h6 13.Nd4 c5 14.Nb5 Kd7
15.f4 Kc6 16.Nbc3 Be7 17.Be3 Be6 18.Rf1 Nh4 19.Bf2 Nf5 20.Rfd1 h5 21.Ng5 
Bxg5 22.fxg5 Ne7 23.Rd2 Rad8 24.Rad1 Rxd2 25.Rxd2 b6 26.h3 Ng6 27.b3 Nxe5 
28.a4 Re8 29.Bg3 f6 30.gxf6 gxf6 31.Rf2 Nd7 32.Nb5 Rg8 33.Kh2 a6 34.Nxc7 
Rxg3 35.Nxe6 h4 36.Nf8 Ne5 37.Rxf6+ Kd5 38.Ne6 Ke4 39.Rf4+ Ke3 40.Rxh4 Rg6
41.Nc7 Rd6 42.Rh5 Kf4 43.Rh8 Rd2 44.Rf8+ Ke4 45.c4 Rb2 46.Nxa6 Rxb3 47.a5 
Kd4 48.Rc8 bxa5 49.Nxc5 Rb6 50.Na4 Rb4 51.c5 Rxa4 52.c6 Rc4 53.c7 Ke4 54.
Ra8 1/2-1/2

[Event "19th Reykjavik op"]
[Site "Reykjavik ISL"]
[Date "2000.04.11"]
[Round "7.9"]
[White "Oral, Tomas"]
[Black "Kristjansson, Stefan"]
[Result "1-0"]
[WhiteElo "2545"]
[BlackElo "2254"]
[EventDate "2000.04.05"]
[PlyCount "137"]

1.e4 e6 2.d4 d5 3.Nd2 Nf6 4.e5 Nfd7 5.Bd3 c5 6.c3 Nc6 7.Ne2 cxd4 8.cxd4 f6
9.exf6 Nxf6 10.Nf3 Qc7 11.O-O Bd6 12.Bg5 O-O 13.Bh4 e5 14.dxe5 Nxe5 15.
Nxe5 Bxe5 16.Bg3 Bxg3 17.Nxg3 Qb6 18.Qb3 Qxb3 19.axb3 Bd7 20.f3 a6 21.Ne2 
Rad8 22.Nd4 Rfe8 23.Rac1 Rc8 24.Rxc8 Rxc8 25.g4 g6 26.b4 Kf7 27.Kf2 Ke7 
28.Kg3 Kd6 29.Kf4 Rf8 30.Kg5 Ng8 31.f4 Rf6 32.f5 h6+ 33.Kf4 Rf8 34.Re1 Ne7
35.Ne6 Rg8 36.Nc5 Bc8 37.f6 Rf8 38.g5 hxg5+ 39.Kxg5 Ng8 40.Rf1 b6 41.Nb3 
Bh3 42.Rf2 Bf5 43.Bxf5 Rxf6 44.Nd4 gxf5 45.Nxf5+ Kd7 46.h4 Rf8 47.h5 Nf6 
48.Kg6 Nxh5 49.Kxh5 Re8 50.Kg5 Re4 51.Rf4 Re2 52.b3 Rb2 53.Rf3 Re2 54.Rd3 
Re5 55.Kf6 Re6+ 56.Kf7 Re5 57.Nd4 Kd6 58.Kf6 Re4 59.Nf5+ Kc6 60.Ne7+ Kb5 
61.Nxd5 Rh4 62.Nc7+ Kxb4 63.Nxa6+ Kb5 64.Nc7+ Kc5 65.Ke5 Rh7 66.Rc3+ Kb4 
67.Nd5+ Kb5 68.Rc4 Rh3 69.Nc7+ 1-0